LIBRARY & INFORMATION CENTRE, KCAET, TAVANUR

ONLINE PUBLIC ACCESS CATALOGUE (OPAC)

Niram pidippicha nunakal / (Record no. 4145)

MARC details
000 -LEADER
fixed length control field 00428cam a2200181ua 4500
041 ## - LANGUAGE CODE
Language code of text/sound track or separate title mal
082 ## - DEWEY DECIMAL CLASSIFICATION NUMBER
Classification number 894.812308
Item number YAS/NI
100 ## - MAIN ENTRY--AUTHOR NAME
Personal name Yashpal, .
245 ## - TITLE STATEMENT
Title Niram pidippicha nunakal /
250 ## - EDITION STATEMENT
Edition statement 1 /
260 ## - PUBLICATION, DISTRIBUTION, ETC. (IMPRINT)
Place of publication Thrissur :
Name of publisher Current Books ,
Year of publication 1961.
300 ## - PHYSICAL DESCRIPTION
Number of Pages 1000 ; .
942 ## - ADDED ENTRY ELEMENTS (KOHA)
Koha item type Books
Holdings
Withdrawn status Lost status Damaged status Home library Current library Date acquired Full call number Accession Number Koha item type Cost, normal purchase price
Withdrawn     KAUAET KAUAET 29/01/2021 894.812308 YAS/NI 5897 Books  
Withdrawn     KAUAET KAUAET 06/02/2021 894.812308 YAS/NI 8489 Books  
Withdrawn     KAUAET KAUAET 06/02/2021 894.812308 YAS/NI 8490 Books  
Withdrawn     KAUAET KAUAET 16/11/2023 894.812308 YAS/NI 10229 Books 10.00
Withdrawn     KAUAET KAUAET 16/11/2023 894.812308 YAS/NI 10230 Books 10.00
Withdrawn     KAUAET Malayalam University 07/04/2012 894.812308 YAS/NI 5898 Books  
free website counter